Tópicos sobre Toledo / (Registro nro. 128876)

Detalles MARC
000 -LEADER
campo de control de longitud fija 00607nam a2200181 i 4500
001 - NÚMERO DE CONTROL
campo de control 128876
003 - IDENTIFICADOR DE NÚMERO DE CONTROL
campo de control ES-MaACL
005 - FECHA Y HORA DE LA ÚLTIMA TRANSACCIÓN
campo de control 20230906193359.0
007 - CAMPO FIJO DE DESCRIPCIÓN FÍSICA--INFORMACIÓN GENERAL
campo de control de longitud fija t|
008 - DATOS DE LONGITUD FIJA--INFORMACIÓN GENERAL
campo de control de longitud fija 070529s1969 sp ||||1| spa d
100 1# - ENTRADA PRINCIPAL--NOMBRE DE PERSONA
Nombre de persona Téllez González, Guillermo.
9 (RLIN) 109641
245 10 - MENCIÓN DEL TÍTULO
Título Tópicos sobre Toledo /
Mención de responsabilidad, etc. Guillermo Téllez González.
260 ## - PUBLICACIÓN, DISTRIBUCIÓN, ETC.
Lugar de publicación, distribución, etc. Toledo :
Nombre del editor, distribuidor, etc. Gómez Menor,
Fecha de publicación, distribución, etc. 1969.
300 ## - DESCRIPCIÓN FÍSICA
Extensión 27 p. ;
Dimensiones 24 cm.
500 ## - NOTA GENERAL
Nota general Es tirada aparte de "Toletum". Años XXXIX-XLIV. nº 75 al 80.
710 2# - ENTRADA AGREGADA--NOMBRE DE ENTIDAD CORPORATIVA
Nombre de entidad corporativa o nombre de jurisdicción como elemento de entrada Academia de Bellas Artes y Ciencias Históricas de Toledo.
9 (RLIN) 1162
852 ## - LOCALIZACIÓN
Ubicación ES-MaACL
Número de control de estantería 2072-F-17
Sublocalización o colección R.74684
Existencias
Estatus retirado Estado de pérdida Estado de daño No para préstamo Colección Biblioteca de origen Biblioteca actual Ubicación en estantería Fecha de adquisición Fuente de adquisición Total de préstamos Signatura topográfica completa Código de barras Visto por última vez Precio de reemplazo Tipo de ítem Koha
        Colección de folletos Biblioteca del Ateneo de Madrid Biblioteca del Ateneo de Madrid Depósito folletos 17/01/2008     2072-F-17 1134211 23/02/2023 23/02/2023 Folleto